Countries in Europe which accept Euro Currency - Statistics

General Stats
  • This quiz has been taken 67 times
  • The average score is 18 of 19
Answer Stats
Order Answer % Correct
6 France
100%
16 Portugal
98%
7 Germany
97%
17 Slovakia
97%
19 Spain
97%
1 Austria
95%
9 Ireland
95%
2 Belgium
93%
10 Italy
93%
11 Latvia
93%
12 Lithuania
93%
18 Slovenia
93%
5 Finland
92%
15 Netherlands
92%
4 Estonia
90%
8 Greece
90%
14 Malta
88%
13 Luxembourg
85%
3 Cyprus
81%
No matching quizzes found
Score Distribution
Percent of People with Each Score
Percentile by Number Answered
Your Score History
You have not taken this quiz